Представление документа в формате RUSMARC

ПолеНазваниеЗначение
  Тип записи c
  Библиографический уровень m
001 Контрольный номер RU/IS/BASE/590758064
005 Дата корректировки 20240131004413.2
010 Индекс ISBN __
9 Тираж 1160 экз.
013 Номер (ISMN) __
d Цена 43 к.
100 Данные общей обработки __
a Данные общей обработки 20180920d1971 u y0rusy0189||||ba
101 Язык документа 0_
a Язык текста pol
f Язык титульного листа eng
102 Страна публикации __
a Страна публикации PL
105 Кодированные данные (монография) __
a Кодированные данные (монография) y###||||000|y
125 Кодированные данные звукозаписи и нотных изданий __
a Форма изложения нотного текста с|
128 Кодированные данные (звукозаписи-физические характеристики) __
a Кодированные данные: Музыкальная форма и тональность или лад st
b Инструменты или голоса, необходимые для ансамблей (устаревшее) ka||
200 Заглавие и сведения об ответственности 1_
a Заглавие Dwie etiudy
b Общее обозначение материала Ноты
d Параллельное заглавие Two Studies
d Параллельное заглавие Два этюда
e Сведения, относящиеся к заглавию per pianoforte
f Первые сведения об ответственности Witold Lutoslawski
z Язык параллельного заглавия eng
z Язык параллельного заглавия pol
210 Выходные данные 1_
a Место издания Краков
c Издательство Polskie wydawnictwo muzyczne
d Дата издания сор. 1946
215 Физическое описание __
a Объем 18 с.
d Формат 29 см
512 Заглавие обложки 1_
a Заглавие обложки Dwie etiudy
517 Другие варианты заглавия 1_
a Другие варианты заглавия Zwei Etuden
600 Персоналии _1
a Персоналии (Фамилия) Лютославский, Витольд
606 Тематические рубрики 0_
a Основная рубрика Фортепианная музыка зарубежная
x Основная подрубрика Этюды
y Географическая подрубрика Польша
610 Ключевые слова 0_
a Ключевые слова Лютославский В.
610 Ключевые слова 0_
a Ключевые слова этюды
686 Индексы других классификаций __
a Классификационный индекс 85.954.294(3)
2 Код системы rubbk
700 Автор _1
a Фамилия Lutoslawski
b Имя (инициалы) W.
g Полное личное имя Witold
801 Источник записи _0
a Страна RU
b Организация Ульяновская ОНБ
c Дата составления 20180920
g Правила каталогизации RCR
801 Источник записи _1
a Страна RU
b Организация Ульяновская ОНБ
c Дата составления 20180920
g Правила каталогизации RCR
901 Тип документа __
t Тип документа m
909 Создатель записи __
a Создатель записи Никитина Т. А.
938 Служебная информация __
a Имя БД noti
b Имя библиотеки УОНБ
c Имя АИБС МАРК-SQL
d Номер DOC_ID в БД 19084